مكتبة جامعة عجلون الوطنية

فهرس بحث المكتبة

1000 ideas for color schemes : (Record no. 33707)

MARC details
000 -LEADER
fixed length control field 01577cam a22004097i 4500
001 - CONTROL NUMBER
control field 19279835
003 - CONTROL NUMBER IDENTIFIER
control field JO-AjAnu
005 - DATE AND TIME OF LATEST TRANSACTION
control field 20241015133832.0
008 - FIXED-LENGTH DATA ELEMENTS--GENERAL INFORMATION
fixed length control field 160920s2016 onca 001 0 eng d
010 ## - LIBRARY OF CONGRESS CONTROL NUMBER
LC control number 2016439499
016 ## - NATIONAL BIBLIOGRAPHIC AGENCY CONTROL NUMBER
Record control number 20169020223
020 ## - INTERNATIONAL STANDARD BOOK NUMBER
International Standard Book Number 9781770857520
Qualifying information (paperback)
020 ## - INTERNATIONAL STANDARD BOOK NUMBER
International Standard Book Number 1770857524
Qualifying information (paperback)
035 ## - SYSTEM CONTROL NUMBER
System control number (OCoLC)ocn945359081
040 ## - CATALOGING SOURCE
Original cataloging agency NLC
Language of cataloging eng
Transcribing agency NLC
Description conventions rda
Modifying agency BTCTA
-- YDXCP
-- BDX
-- OCLCO
-- OCLCF
-- OCLCQ
-- ORX
-- LTSCA
-- OCL
-- DLC
-- JO-AjAnu
042 ## - AUTHENTICATION CODE
Authentication code lccopycat
050 00 - LIBRARY OF CONGRESS CALL NUMBER
Classification number NK1548
Item number .O87 2016
055 #0 - CLASSIFICATION NUMBERS ASSIGNED IN CANADA
Classification number NK1548
Item number O87 2016
082 04 - DEWEY DECIMAL CLASSIFICATION NUMBER
Classification number 701/.85
Edition number 23
100 1# - MAIN ENTRY--PERSONAL NAME
Personal name Ott, Jennifer
Fuller form of name (Jennifer Ann),
Relator term author.
245 10 - TITLE STATEMENT
Title 1000 ideas for color schemes :
Remainder of title the ultimate guide to making colors work /
Statement of responsibility, etc. Jennifer Ott.
246 3# - VARYING FORM OF TITLE
Title proper/short title One thousand ideas for color schemes
264 #1 - PRODUCTION, PUBLICATION, DISTRIBUTION, MANUFACTURE, AND COPYRIGHT NOTICE
Place of production, publication, distribution, manufacture Richmond Hill, Ontario :
Name of producer, publisher, distributor, manufacturer Firefly Books,
Date of production, publication, distribution, manufacture, or copyright notice 2016.
300 ## - PHYSICAL DESCRIPTION
Extent 288 pages :
Other physical details color illustrations ;
Dimensions 24 cm
336 ## - CONTENT TYPE
Content type term text
Content type code txt
Source rdacontent
337 ## - MEDIA TYPE
Media type term unmediated
Media type code n
Source rdamedia
338 ## - CARRIER TYPE
Carrier type term volume
Carrier type code nc
Source rdacarrier
500 ## - GENERAL NOTE
General note Includes index.
650 #0 - SUBJECT ADDED ENTRY--TOPICAL TERM
Topical term or geographic name entry element Color in design.
650 #0 - SUBJECT ADDED ENTRY--TOPICAL TERM
Topical term or geographic name entry element Color decoration and ornament.
650 #0 - SUBJECT ADDED ENTRY--TOPICAL TERM
Topical term or geographic name entry element Color guides.
856 42 - ELECTRONIC LOCATION AND ACCESS
Materials specified Contributor biographical information
Uniform Resource Identifier <a href="https://www.loc.gov/catdir/enhancements/fy1620/2016439499-b.html">https://www.loc.gov/catdir/enhancements/fy1620/2016439499-b.html</a>
856 42 - ELECTRONIC LOCATION AND ACCESS
Materials specified Publisher description
Uniform Resource Identifier <a href="https://www.loc.gov/catdir/enhancements/fy1620/2016439499-d.html">https://www.loc.gov/catdir/enhancements/fy1620/2016439499-d.html</a>
906 ## - LOCAL DATA ELEMENT F, LDF (RLIN)
a 7
b cbc
c copycat
d 2
e ncip
f 20
g y-gencatlg
942 ## - ADDED ENTRY ELEMENTS (KOHA)
Source of classification or shelving scheme Library of Congress Classification
Koha item type Books
Suppress in OPAC No
Holdings
Withdrawn status Lost status Source of classification or shelving scheme Damaged status Not for loan Home library Current library Date acquired Total Checkouts Full call number Barcode Date last seen Price effective from Koha item type
    Library of Congress Classification     مكتبة جامعة عجلون الوطنية مكتبة جامعة عجلون الوطنية 15/10/2024   NK1548.O88 2016 e3909 15/10/2024 15/10/2024 Books